Aral sea: environmental tragedy in central Asia (Record no. 53806)

000 -LEADER
fixed length control field 00881pab a2200157 454500
008 - FIXED-LENGTH DATA ELEMENTS--GENERAL INFORMATION
fixed length control field 180718b2002 xxu||||| |||| 00| 0 eng d
100 ## - MAIN ENTRY--PERSONAL NAME
Personal name Ram Sampath Kumar
245 ## - TITLE STATEMENT
Title Aral sea: environmental tragedy in central Asia
260 ## - PUBLICATION, DISTRIBUTION, ETC.
Date of publication, distribution, etc. 2002
300 ## - PHYSICAL DESCRIPTION
Extent p.3797-802.
362 ## - DATES OF PUBLICATION AND/OR SEQUENTIAL DESIGNATION
Dates of publication and/or sequential designation 14 Sep
520 ## - SUMMARY, ETC.
Summary, etc. The Aral Sea, a terminal lake fed by two major rivers, the Syrdarya and amudarya forms a natural border between Kazakhstan and Uzbekistan. In 1960 it was the fourth largest lake in the world; today it is on the verge of deteriorating into a small and dirty waterhold. The destruction of the Aral Sea is an example of how quickly environmental and humanitarian tragedy can threaten a whole region. The destruction of the Aral Sea is a textbook example of unsustainable development. - Reproduced.
650 ## - SUBJECT ADDED ENTRY--TOPICAL TERM
Topical term or geographic name entry element Lakes
773 ## - HOST ITEM ENTRY
Main entry heading Economic and Political Weekly
909 ## -
-- 53806
Holdings
Withdrawn status Lost status Damaged status Not for loan Permanent Location Current Location Date acquired Serial Enumeration / chronology Barcode Date last seen Price effective from Koha item type
        Indian Institute of Public Administration Indian Institute of Public Administration 2018-07-19 Volume no: 37, Issue no: 37 AR54251 2018-07-19 2018-07-19 Articles

Powered by Koha